Exportní příležitosti: Polsko

Stručná ekonomicko-hospodárska charakteristika Poľska. Česko-poľský obchod. Perspektívne obchodné príležitosti. Užitočné informácie potrebné pre vstup na poľský trh.

Gespeichert in:
Bibliographische Detailangaben
1. Verfasser: Maryška, Petr
Format: Buchkapitel
Sprache:Tschechisch
Schlagworte:
Tags: Tag hinzufügen
Keine Tags, Fügen Sie das erste Tag hinzu!

MARC

LEADER 00000naa a2200000 4500
001 r046403
005 20230908091751.0
041 0 |a cze 
044 |a CZ 
245 1 0 |a Exportní příležitosti: Polsko  |c Petr Maryška 
520 |a Stručná ekonomicko-hospodárska charakteristika Poľska. Česko-poľský obchod. Perspektívne obchodné príležitosti. Užitočné informácie potrebné pre vstup na poľský trh. 
610 2 0 |a obchod zahraničný 
610 2 0 |a styk zahraničnoobchodný 
610 2 0 |a Poľsko 
610 2 0 |a Česko 
610 2 0 |a informácie obchodno-ekonomické 
610 2 0 |a vývoz 
610 2 0 |a vzťahy hospodárske vonkajšie 
100 1 |a Maryška, Petr